000
00279nam a22001217a 4500
008
160518b xxu||||| |||| 00| 0 eng d
020
_a
9780132097277
020
_a
0132097273
041
_a
eng
080
_a
61
245
_a
Non human primates:
_c
Frances Burton;
942
_2
udc
_c
BK
999
_c
2196
_d
2196